[Event "Kottayam op"]
[Site "Kottayam"]
[Date "2025.05.03"]
[Round "5"]
[White "Savchenko, Boris"]
[Black "Joseph, Tom"]
[Result "1-0"]
[WhiteElo "2459"]
[BlackElo "1812"]
[PlyCount "101"]
[EventDate "2025.04.30"]
[EventType "swiss"]
[EventRounds "10"]
[EventCountry "IND"]
[SourceTitle "CB19_2025"]
[SourceDate "2025.05.07"]
[SourceVersion "1"]
[SourceVersionDate "2025.05.07"]
[SourceQuality "1"]

1. e4 e6 2. d4 d5 3. Nc3 Bb4 4. e5 b6 5. a3 Bxc3+ 6. bxc3 Qd7 7. Qg4 f5 8. Qh5+ Qf7 9. Qxf7+ Kxf7 10. c4 dxc4 11. Bxc4 Ne7 12. Nf3 h6 13. Ba2 Rd8 14. 0-0 Bb7 15. Bb2 g5 16. Rfd1 Nd7 17. a4 c5 18. a5 Bxf3 19. gxf3 cxd4 20. f4 Ng6 21. Rxd4 Nxf4 22. Bc4 Nc5 23. h4 Rxd4 24. Bxd4 Rd8 25. c3 Ne4 26. axb6 axb6 27. Ra7+ Kg6 28. Re7 Nc5 29. Kh2 gxh4 30. Bb5 Nd5 31. Bxc5 bxc5 32. Rxe6+ Kg7 33. Ra6 Nxc3 34. Ra7+ Kg6 35. Bc4 Nd5 36. e6 Kf6 37. Rd7 Rxd7 38. exd7 Ke7 39. Bxd5 Kxd7 40. f4 Kd6 41. Bc4 Ke7 42. Kh3 Kf6 43. Kxh4 Kg6 44. Bb3 h5 45. Bd1 c4 46. Bxh5+ Kh6 47. Be2 c3 48. Bd3 Kg6 49. Bc2 Kf6 50. Kh5 Ke6 51. Kg5 1-0

[Event "IND-ch U12"]
[Site "Srinivasapura"]
[Date "2022.04.09"]
[Round "2"]
[White "Joseph, Tom"]
[Black "Adireddy, Arjun"]
[Result "0-1"]
[WhiteElo "1227"]
[BlackElo "1889"]
[PlyCount "66"]
[EventDate "2022.04.09"]
[EventType "swiss"]
[EventRounds "11"]
[EventCountry "IND"]
[SourceTitle "EXT 2023"]
[Source "ChessBase"]
[SourceDate "2022.10.05"]
[SourceVersion "1"]
[SourceVersionDate "2022.10.05"]
[SourceQuality "1"]

1. e4 c5 2. Nf3 d6 3. c3 Nf6 4. Be2 Nbd7 5. d3 g6 6. 0-0 Bg7 7. Nbd2 0-0 8. Re1 b6 9. Bf1 e5 10. d4 Bb7 11. d5 Ne8 12. g3 Nc7 13. c4 Bc8 14. Bg2 f5 15. Nf1 fxe4 16. Ng5 b5 17. Nxe4 Nb6 18. Bg5 Qd7 19. Nxc5 dxc5 20. d6 Ne6 21. Be7 Bb7 22. Bxf8 Rxf8 23. Bxb7 Qxb7 24. h4 Nd4 25. Nh2 Nxc4 26. b3 Nxd6 27. Re3 e4 28. Rc1 Bh6 29. Rxc5 Bxe3 30. fxe3 Nf3+ 31. Nxf3 exf3 32. Qxd6 f2+ 33. Kh2 Qh1+ 0-1